000 01129nam a2200253 4500
001 174679
003 ES-MaACL
005 20230906215622.0
008 100518s1994 sp c |||| | spa d
017 _aMH-324-1994
080 _a061
110 2 _aAteneo Científico, Literario y Artístico de Mahón.
_9141489
245 1 0 _aMemoria del Ateneo Científico, Literario y Artístico de Maó
_b: Curso académico 1993-94.
246 3 1 _aMemòria de l'Ateneu Científic, Literari i Artístic de Maó
_b: Curs acadèmic 1993-94
260 _aMahón (Menorca) :
_bAteneo Científico, Literario y Artístico,
_cD.L. 1994 (
_fEd. Menorca)
300 _a82 p., 82 p. :
_bretr. ;
_c22 cm.
505 8 _aContiene: ;
_tLos orígenes del Ateneo de Maó : discurso inaugural del curso académico 1980-81 /
_rpronunciado por Joan Hernàndez Móra
546 _aTexto en catalán y español.
594 _aDatos tomados de las cub.
610 2 4 _aAteneo Científico, Literario y Artístico de Mahón.
_9141489
700 1 _aHernández Mora, Juan.
_963003
740 4 _aEls orígens de l'Ateneu de Maó.
852 4 _aES-MaACL
_jC-57228
999 _c174679
_d174679